[Event "Mislata op-B 20th"]
[Site "Mislata"]
[Date "2012.08.13"]
[Round "1"]
[White "Primo Chica, Oscar"]
[Black "Perales Arona, Joaquin"]
[Result "1-0"]
[WhiteElo "2034"]
[BlackElo "1903"]
[PlyCount "103"]
[EventDate "2012.08.13"]
[EventType "swiss"]
[EventRounds "9"]
[EventCountry "ESP"]
[SourceTitle "EXT 2013"]
[Source "ChessBase"]
[SourceDate "2012.11.22"]
[SourceVersion "1"]
[SourceVersionDate "2012.11.22"]
[SourceQuality "1"]

1. e4 e6 2. d4 d5 3. e5 c5 4. c3 Nc6 5. Nf3 Qb6 6. Be2 Bd7 7. a3 cxd4 8. cxd4 f6 9. 0-0 fxe5 10. dxe5 Nge7 11. b4 Ng6 12. Bb2 a6 13. Re1 Be7 14. Nc3 0-0 15. Nxd5 exd5 16. Qxd5+ Kh8 17. Qxd7 Rad8 18. Qe6 Rde8 19. Qb3 Bc5 20. Rf1 Ncxe5 21. Qd5 Nf4 22. bxc5 Nxe2+ 23. Kh1 Qxb2 24. Ra2 Nf4 25. Rxb2 Nxd5 26. Nxe5 Rxe5 27. Rxb7 h6 28. Ra7 Rc8 29. Rxa6 Rxc5 30. g3 Nf6 31. Rb1 Ra5 32. Rb8+ Kh7 33. Rba8 Rxa6 34. Rxa6 Ne4 35. Kg2 Nc3 36. Kf3 Re7 37. Kf4 Nb5 38. a4 Nc3 39. a5 Rf7+ 40. Ke3 Nd1+ 41. Ke2 Nxf2 42. Rb6 Ne4 43. Kd3 Nf6 44. Kc4 Nd7 45. Rd6 Nb8 46. Kb5 Rf1 47. Kb6 Rb1+ 48. Kc7 Ra1 49. Rd5 Na6+ 50. Kb6 Nb4 51. Rb5 Nc2 52. a6 1-0

[Event "Provincial-ch Valencia Preferente"]
[Site "Valencia"]
[Date "2009.11.15"]
[Round "6"]
[White "Aparisi Arnandis, Bernardo"]
[Black "Perales Arona, Joaquin"]
[Result "1-0"]
[WhiteElo "2061"]
[BlackElo "1896"]
[PlyCount "51"]
[EventDate "2009.10.03"]
[EventType "swiss"]
[EventRounds "7"]
[EventCountry "ESP"]
[SourceTitle "EXT 2024"]
[Source "ChessBase"]
[SourceDate "2023.10.10"]
[SourceVersion "1"]
[SourceVersionDate "2023.10.10"]
[SourceQuality "1"]

1. d4 d5 2. c4 c6 3. Nc3 Nf6 4. e3 e6 5. Nf3 Nbd7 6. Bd3 dxc4 7. Bxc4 b5 8. Bd3 a6 9. 0-0 Bd6 10. e4 e5 11. Bg5 0-0 12. Rc1 Bb7 13. Bb1 Re8 14. Kh1 h6 15. Bh4 Qe7 16. dxe5 Bxe5 17. Nxe5 Nxe5 18. f4 Ng6 19. Bxf6 gxf6 20. Qh5 Kh7 21. e5 c5 22. Be4 Bxe4 23. Nxe4 fxe5 24. fxe5 Kg7 25. Nd6 Rf8 26. Nf5+ 1-0

[Event "Valencia Autonomico Norte-A"]
[Site "Valencia"]
[Date "2009.01.24"]
[Round "3.6"]
[White "Marti Peiro, Jose Antonio"]
[Black "Perales Arona, Joaquin"]
[Result "1/2-1/2"]
[WhiteElo "2086"]
[BlackElo "1905"]
[PlyCount "64"]
[EventDate "2009.01.10"]
[EventType "team-tourn"]
[EventRounds "5"]
[EventCountry "ESP"]
[SourceTitle "EXT 2011"]
[Source "ChessBase"]
[SourceDate "2010.11.26"]
[SourceVersion "1"]
[SourceVersionDate "2010.11.26"]
[SourceQuality "1"]

1. d4 d5 2. c4 c6 3. cxd5 cxd5 4. Nc3 Nc6 5. Nf3 Nf6 6. Qb3 e6 7. Bg5 Be7 8. e3 h6 9. Bh4 0-0 10. Bd3 Bd7 11. Rc1 Na5 12. Qd1 Nc4 13. Bb1 Nd6 14. 0-0 Rc8 15. Ne5 Nfe4 16. Bxe7 Qxe7 17. Qd3 f6 18. Nxd7 Qxd7 19. Nxe4 Nxe4 20. f3 Nd6 21. e4 Rxc1 22. Rxc1 dxe4 23. fxe4 Rc8 24. Rc3 Rxc3 25. bxc3 Qb5 26. d5 Qc5+ 27. Kh1 Qf2 28. h3 Qe1+ 29. Kh2 exd5 30. exd5 Qe5+ 31. Kh1 Qe1+ 32. Kh2 Qe5+ 1/2-1/2